000 nam a22 7a 4500
999 _c18255
_d18255
008 161203b xxu||||| |||| 00| 0 eng d
020 _a0271008164
050 _aND 55 .P8C35 1993
100 _aCarrier David
_d1993
245 _aPoussins Paintings
_cDavid Carrier
250 _a1st ed
260 _aUSA
_bPennsylvania
_c1993
300 _axv,276p:
_bincludes bibliographical references and indexes
942 _2lcc
_cBOOKS
_hND 55 .P8C35 1993
_k28318